ბათუმის შოთა რუსთაველის სახელმწიფო უნივერსიტეტის ბიბლიოთეკა

მოსამართლის მიერ გადაწყვეტილების მიღების პროცესი სამოქალაქო სამართალში : (ბიბ.ჩანაწერი № 42504)

000 -ლიდერი
ფიქსირებული სიგრძის საკონტროლო ველი 01461nam a2200253Ia 4500
001 - საკონტროლო ნომერი
საკონტროლო ველი 9201
003 - საკონტროლო ნომრის იდენტიფიკატორი
საკონტროლო ველი GE_BSU
005 - ბოლო ოპერაციის თარიღი და დრო
საკონტროლო ველი 20210531162218.0
008 - ფიქსირებული სიგრძის მონაცემთა ელემენტები - ზოგადი ინფორმაცია
ფიქსირებული სიგრძის საკონტროლო ველი 181216s2013||||ge |||||||||||||| ||geo||
020 ## - წიგნის საერთაშორისო სტანდარტული ნომერი
International Standard Book Number 9789941934735
040 ## - კატალოგიზაციის წყარო
Transcribing agency GE_BSU
041 ## - ენის კოდი
Language code of text/sound track or separate title geo
080 ## - უნივერსალური ათობითი კლასიფიკაციის ინდექსი
Universal Decimal Classification number 347.9(076) შ-77
100 ## - მთავარი ჩანაწერი - პიროვნების სახელი
Personal name შმიტი, შტეფან
9 (RLIN) 11922
245 ## - ცნობა სათაურის შესახებ
Title მოსამართლის მიერ გადაწყვეტილების მიღების პროცესი სამოქალაქო სამართალში :
Remainder of title მოკლე შესავალი რელაციის მეთოდში /
Statement of responsibility, etc შტეფან შმიტი, რიჰტერი ჰარალდ ; მთაგმნ. ქეთევან ფხაკაძე ; რედ. : დარეჯან დარჯანია, ხატია კიკალიშვილი.
264 ## - წარმოების, გამოცემის, დისტრიბუციის და სხვა ცნობები
გამოცემის, წარმოების, დისტრიბუციის... ადგილი [თბილისი] :
გამოცემის, წარმოების, დისტრიბუციის... სახელწოდება [გ.გ.],
გამოცემის, წარმოების, დისტრიბუციის... თარიღი 2013.
300 ## - ფიზიკური აღწერა
Extent 76 გვ. ;
Dimensions 22 სმ.
653 ## - INDEX TERM--UNCONTROLLED
Uncontrolled term სამართალი
700 ## - ADDED ENTRY--PERSONAL NAME
Personal name ჰარალდ, რიჰტერი
Relator term ავტორი
9 (RLIN) 11923
700 ## - ADDED ENTRY--PERSONAL NAME
Personal name ფხაკაძე, ქეთევან
Relator term მთაგმნელი
9 (RLIN) 11881
700 ## - ADDED ENTRY--PERSONAL NAME
Personal name დარჯანია, დარეჯან
Relator term რედაქტორი
9 (RLIN) 11924
700 ## - ADDED ENTRY--PERSONAL NAME
Personal name კიკალიშვილი, ხატია
Relator term რედაქტორი
9 (RLIN) 11925
942 ## - ADDED ENTRY ELEMENTS (KOHA)
Koha item type წიგნი
Source of classification or shelving scheme
ეგზემპლარები
ჩამოწერის სტატუსი დაკარგული ეგზემპლარის სტატუსი კლასიფიკაციის წყარო ან თაროზე გაწყობის სქემა დაზიანების სტატუსი არ გაიცემა მუდმივი მდებარეობა (დაცვის ადგილი) ამჟამინდელი ადგილსამყოფელი თაროზე განთავსების ადგილი შეძენის თარიღი ღირებულება, შესყიდვის ნორმალური ფასი სრული შენახვის შიფრი შტრიხკოდი ბოლო ოპერაციის თარიღი ეგზემპლარის მიმდევრობითი ნომერი (კეტერი?) ფასის ძალაში შესვლის თარიღი ეგზემპლარის სახეობა საჯარო შენიშვნა
          ბათუმის შოთა რუსთაველის სახელმწიფო უნივერსიტეტის მთავარი ბიბლიოთეკა ბათუმის შოთა რუსთაველის სახელმწიფო უნივერსიტეტის მთავარი ბიბლიოთეკა წიგნსაცავი 2018-12-17 8.90 347.9(076) შ-77 32133 2018-12-17 32133 2018-12-17 წიგნი 8.90 ₾.
          ბათუმის შოთა რუსთაველის სახელმწიფო უნივერსიტეტის მთავარი ბიბლიოთეკა ბათუმის შოთა რუსთაველის სახელმწიფო უნივერსიტეტის მთავარი ბიბლიოთეკა წიგნსაცავი 2018-12-17 8.90 347.9(076) შ-77 32134 2018-12-17 32134 2018-12-17 წიგნი 8.90 ₾.
          ბათუმის შოთა რუსთაველის სახელმწიფო უნივერსიტეტის მთავარი ბიბლიოთეკა ბათუმის შოთა რუსთაველის სახელმწიფო უნივერსიტეტის მთავარი ბიბლიოთეკა წიგნსაცავი 2018-12-17 8.90 347.9(076) შ-77 32135 2018-12-17 32135 2018-12-17 წიგნი 8.90 ₾.
          ბათუმის შოთა რუსთაველის სახელმწიფო უნივერსიტეტის მთავარი ბიბლიოთეკა ბათუმის შოთა რუსთაველის სახელმწიფო უნივერსიტეტის მთავარი ბიბლიოთეკა წიგნსაცავი 2018-12-17 8.90 347.9(076) შ-77 32136 2018-12-17 32136 2018-12-17 წიგნი 8.90 ₾.
          ბათუმის შოთა რუსთაველის სახელმწიფო უნივერსიტეტის მთავარი ბიბლიოთეკა ბათუმის შოთა რუსთაველის სახელმწიფო უნივერსიტეტის მთავარი ბიბლიოთეკა წიგნსაცავი 2018-12-17 8.90 347.9(076) შ-77 32137 2018-12-17 32137 2018-12-17 წიგნი 8.90 ₾.
          ბათუმის შოთა რუსთაველის სახელმწიფო უნივერსიტეტის მთავარი ბიბლიოთეკა ბათუმის შოთა რუსთაველის სახელმწიფო უნივერსიტეტის მთავარი ბიბლიოთეკა წიგნსაცავი 2018-12-17 8.90 347.9(076) შ-77 54424 2018-12-17 54424 2018-12-17 წიგნი 8.90 ₾.
          ბათუმის შოთა რუსთაველის სახელმწიფო უნივერსიტეტის მთავარი ბიბლიოთეკა ბათუმის შოთა რუსთაველის სახელმწიფო უნივერსიტეტის მთავარი ბიბლიოთეკა წიგნსაცავი 2018-12-17 8.90 347.9(076) შ-77 54425 2018-12-17 54425 2018-12-17 წიგნი 8.90 ₾.